The Adventures of Tom Sawyer / (Record no. 358091)
[ view plain ]
| 000 -LEADER | |
|---|---|
| fixed length control field | 00807nam a2200277Ia 4500 |
| 008 - FIXED-LENGTH DATA ELEMENTS--GENERAL INFORMATION | |
| fixed length control field | 180628s9999 xx 000 0 und d |
| 020 ## - INTERNATIONAL STANDARD BOOK NUMBER | |
| International Standard Book Number | 978-0-553-2128-3 |
| 050 ## - LIBRARY OF CONGRESS CALL NUMBER | |
| Classification number | CLA T83a |
| 050 ## - LIBRARY OF CONGRESS CALL NUMBER | |
| Item number | 2004 |
| 100 ## - MAIN ENTRY--PERSONAL NAME | |
| Personal name | Mark Twain. |
| 245 #4 - TITLE STATEMENT | |
| Title | The Adventures of Tom Sawyer / |
| 245 #0 - TITLE STATEMENT | |
| Statement of responsibility, etc | Mark Twain with an afterword by Alfred Kazin. |
| 260 ## - PUBLICATION, DISTRIBUTION, ETC. (IMPRINT) | |
| Place of publication, distribution, etc | New York : |
| 260 ## - PUBLICATION, DISTRIBUTION, ETC. (IMPRINT) | |
| Name of publisher, distributor, etc | Bantam Books, |
| 260 ## - PUBLICATION, DISTRIBUTION, ETC. (IMPRINT) | |
| Date of publication, distribution, etc | 2004 |
| 300 ## - PHYSICAL DESCRIPTION | |
| Extent | 213 pages : |
| 300 ## - PHYSICAL DESCRIPTION | |
| Dimensions | 18 cm. |
| 500 ## - GENERAL NOTE | |
| General note | Bantam classic. |
| 650 ## - SUBJECT ADDED ENTRY--TOPICAL TERM | |
| Topical term or geographic name as entry element | Boys -- Fiction. |
| 650 ## - SUBJECT ADDED ENTRY--TOPICAL TERM | |
| Topical term or geographic name as entry element | Child witnesses -- Fiction. |
| 650 ## - SUBJECT ADDED ENTRY--TOPICAL TERM | |
| Topical term or geographic name as entry element | Missouri -- Fiction. |
| 650 ## - SUBJECT ADDED ENTRY--TOPICAL TERM | |
| Topical term or geographic name as entry element | Sawyer, Tom (Fictitious character) -- Fiction. |
| 650 ## - SUBJECT ADDED ENTRY--TOPICAL TERM | |
| General subdivision | Male friendship -- Fiction. |
| 650 ## - SUBJECT ADDED ENTRY--TOPICAL TERM | |
| General subdivision | Mississippi River Valley -- Fiction. |
| 650 ## - SUBJECT ADDED ENTRY--TOPICAL TERM | |
| General subdivision | Runaway children -- Fiction. |
| Withdrawn status | Lost status | Damaged status | Home library | Current library | Shelving location | Date acquired | Cost, normal purchase price | Total Checkouts | Full call number | Barcode | Date last seen | Price effective from | Koha item type |
|---|---|---|---|---|---|---|---|---|---|---|---|---|---|
| South Mansfield College | South Mansfield College | Classic Section | 06/19/2018 | 207.20 | CLA T83a 2004 | SMC06142 | 06/28/2018 | 06/28/2018 | Books |